| 000 | 01060 a2200205 4500 | ||
|---|---|---|---|
| 003 | NUST | ||
| 005 | 20221229165331.0 | ||
| 010 | _a 81005230 | ||
| 020 | _a0030596998 | ||
| 040 | _cNust | ||
| 082 | 0 | 0 | _a356.1,ENG |
| 100 | 1 |
_aEnglish, John A. _973702 |
|
| 245 | 1 | 2 |
_aA perspective on infantry / _cJohn A. English. |
| 260 |
_aNew York : _bPraeger, _c1981. |
||
| 300 |
_axxi, 345 p. : _bill. ; _c25 cm. |
||
| 505 | _aAn Epoch-Making Change: The Decentralization of Infantry Tactics (Page-1), Handyman of battle : Enduring the Shock of Armor (Page-30), The Blindness of A Mole: Comparative Tactics and Infantry Between Wars (Page-49), Far-Weather War: Of Infantry and blitzkrieg (Page-70),The Backbone of Land Forces : Infantry of the Eastern Front (Page-90), Cutting Edge of Battle: Second Front Infantry (Page-128), Cinderella of the Army (Page-165), Beyond Deterrence (Page-197), Foul-weather Warriors : Toward A Perfection of Infantry (Page-231). | ||
| 650 | 0 | _aInfantry drill and tactics. | |
| 650 | 0 |
_aInfantry. _948921 |
|
| 942 |
_2ddc _cBK _k356.1,ENG |
||
| 999 |
_c185601 _d185601 |
||